[Event "Varennes int."]
[Site "Varennes CAN"]
[Date "2017.10.07"]
[Round "3.14"]
[White "Tanaka, Tyler"]
[Black "Cazelais, Marc"]
[Result "1/2-1/2"]
[WhiteElo "1990"]
[BlackElo "2174"]
[WhiteFideId "-1"]
[WhiteFideId "-1"]
[PlyCount "42"]
[GameId "2160767908330140"]
[EventDate "2017.10.06"]
[EventType "swiss"]
[EventRounds "5"]
[EventCountry "CAN"]
[SourceTitle "hb 2017"]

1. e4 g6 2. d4 Bg7 3. c4 d6 4. Nc3 Nc6 5. Be3 e5 6. d5 Nce7 7. Nge2 f5 8. f3 Nf6 9. b4 O-O 10. Qd2 fxe4 11. fxe4 Ng4 12. Bg1 a5 13. bxa5 Rxa5 14. h3 Bh6 15. Qd3 Nf6 16. g4 c6 17. Rb1 Ra8 18. Bg2 cxd5 19. cxd5 Ra6 20. Bf2 Kh8 21. O-O Neg8 1/2-1/2

[Event "Varennes int."]
[Site "Varennes CAN"]
[Date "2017.10.07"]
[Round "3.15"]
[White "Zheng, Richard"]
[Black "Bannon, Eric"]
[Result "1/2-1/2"]
[WhiteElo "1895"]
[BlackElo "2154"]
[WhiteFideId "-1"]
[WhiteFideId "-1"]
[PlyCount "114"]
[GameId "2160767908330141"]
[EventDate "2017.10.06"]
[EventType "swiss"]
[EventRounds "5"]
[EventCountry "CAN"]
[SourceTitle "hb 2017"]

1. e4 c5 2. c4 Nc6 3. Nc3 g6 4. g3 Bg7 5. Bg2 e6 6. Nge2 Nge7 7. d3 O-O 8. O-O d6 9. Be3 Nd4 10. f4 f5 11. Bf2 Nec6 12. Nxd4 Nxd4 13. Ne2 Nxe2+ 14. Qxe2 Rb8 15. Rad1 b5 16. b3 Qc7 17. Kh1 Re8 18. Qd2 Ba6 19. Rfe1 Rbd8 20. Re2 fxe4 21. Rxe4 Bb7 22. Re2 Bxg2+ 23. Kxg2 Qc6+ 24. Kg1 bxc4 25. dxc4 d5 26. cxd5 Rxd5 27. Qc2 Red8 28. Rxd5 Rxd5 29. Rd2 Rxd2 30. Qxd2 Bd4 31. Bxd4 cxd4 32. Qxd4 Qc1+ 33. Kg2 Qc2+ 34. Qf2 Qe4+ 35. Kh3 a5 36. Qd2 Qf5+ 37. g4 Qb5 38. Qe3 Kf7 39. Kg3 h5 40. h3 Qd5 41. a3 hxg4 42. hxg4 Qb5 43. g5 Qf1 44. Qd2 Qg1+ 45. Kf3 Qf1+ 46. Ke4 Qb1+ 47. Ke5 Qa1+ 48. Qd4 Qxa3 49. Qd7+ Qe7 50. Qxe7+ Kxe7 51. Ke4 Kd7 52. Kd3 Kc7 53. Kc3 Kd7 54. Kd3 Kc7 55. Ke3 Kc6 56. Ke4 Kd7 57. Kd3 Kc7 1/2-1/2

[Event "Varennes int."]
[Site "Varennes CAN"]
[Date "2017.10.07"]
[Round "3.16"]
[White "Huang, Qiuyu"]
[Black "Johnson-Constantin, Mathieu"]
[Result "1-0"]
[WhiteElo "2153"]
[BlackElo "1829"]
[WhiteFideId "-1"]
[WhiteFideId "-1"]
[PlyCount "51"]
[GameId "2160767908330142"]
[EventDate "2017.10.06"]
[EventType "swiss"]
[EventRounds "5"]
[EventCountry "CAN"]
[SourceTitle "hb 2017"]

1. e4 e6 2. d4 d5 3. Nc3 Bb4 4. e5 c5 5. a3 Bxc3+ 6. bxc3 Qa5 7. Bd2 Qa4 8. Nf3 Nc6 9. dxc5 Nge7 10. Bd3 Ng6 11. Qe2 Bd7 12. g3 Rc8 13. h4 Qg4 14. Qe3 Nge7 15. h5 Nf5 16. Qf4 Qxf4 17. Bxf4 Na5 18. g4 Ne7 19. h6 g6 20. Bg5 Nec6 21. Bf6 O-O 22. Nh2 Rfe8 23. Bg7 f5 24. exf6 e5 25. Bxg6 hxg6 26. Nf3 1-0

[Event "Varennes int."]
[Site "Varennes CAN"]
[Date "2017.10.07"]
[Round "3.17"]
[White "Langlois-Remillard, Alexis"]
[Black "Chabot, Roland"]
[Result "0-1"]
[WhiteElo "1891"]
[BlackElo "2153"]
[WhiteFideId "-1"]
[WhiteFideId "-1"]
[PlyCount "150"]
[GameId "2160767908330143"]
[EventDate "2017.10.06"]
[EventType "swiss"]
[EventRounds "5"]
[EventCountry "CAN"]
[SourceTitle "hb 2017"]

1. b3 e5 2. Bb2 d6 3. e3 Nf6 4. Nf3 g6 5. c4 Nc6 6. Nc3 Bg7 7. d4 Bf5 8. dxe5 dxe5 9. Nb5 Nd7 10. Bd3 Bxd3 11. Qxd3 a6 12. Na3 Nc5 13. Qxd8+ Rxd8 14. Ke2 O-O 15. Nd2 Rd7 16. Rad1 Rfd8 17. Nab1 f5 18. h4 Nd3 19. Bc3 Ncb4 20. a3 Na2 21. Ba1 c5 22. g3 b5 23. e4 b4 24. a4 Bh6 25. h5 Ndc1+ 26. Rxc1 Nxc1+ 27. Rxc1 Bxd2 28. Rd1 Bc3 29. Nxc3 bxc3 30. Rxd7 Rxd7 31. Bxc3 fxe4 32. hxg6 hxg6 33. Bxe5 Rd3 34. a5 Kf7 35. Bc7 Rxb3 36. Bb6 Rc3 37. Bxc5 Rxc4 38. Bb6 Rc3 39. Bd4 Ra3 40. Bb6 Ke6 41. g4 Rc3 42. Kd2 Ra3 43. Ke2 Kd5 44. Bd8 Kc6 45. Bb6 Kb5 46. Bd8 Rf3 47. Bc7 Rf7 48. Bd8 Rf4 49. g5 Rf3 50. Bb6 Ra3 51. Bd8 Kc4 52. Bb6 Kd5 53. Bc7 Ke6 54. Bb6 Kf5 55. Bd8 Rd3 56. Bb6 Kxg5 57. Bc7 Rc3 58. Bb6 Kg4 59. Kd2 Ra3 60. Ke2 Kh3 61. Kd2 Kg2 62. Ke2 Ra2+ 63. Ke3 Rxf2 64. Kxe4 Rf5 65. Bc7 Kf2 66. Bb6+ Ke2 67. Bd8 Kf2 68. Bb6+ Kg3 69. Bc7+ Kh3 70. Bb6 Kg2 71. Bc7 Kf1 72. Bd8 Ke1 73. Bc7 Kd2 74. Bf4+ Kc3 75. Bc7 Rb5 0-1

[Event "Varennes int."]
[Site "Varennes CAN"]
[Date "2017.10.07"]
[Round "3.19"]
[White "Lin, Benjamin"]
[Black "Libersan, Thierry"]
[Result "1-0"]
[WhiteElo "1862"]
[BlackElo "2086"]
[WhiteFideId "-1"]
[WhiteFideId "-1"]
[PlyCount "85"]
[GameId "2160767908330145"]
[EventDate "2017.10.06"]
[EventType "swiss"]
[EventRounds "5"]
[EventCountry "CAN"]
[SourceTitle "hb 2017"]

1. d4 d5 2. c4 e5 3. dxe5 d4 4. Nf3 Nc6 5. a3 Nge7 6. b4 Ng6 7. Bb2 a5 8. b5 Ncxe5 9. Nxe5 Nxe5 10. Bxd4 Nxc4 11. e3 Be6 12. Qc2 Nd6 13. Bd3 Qg5 14. O-O Nxb5 15. Bxb5+ Qxb5 16. Qxc7 Rc8 17. Qg3 Qd3 18. Nc3 f6 19. Rfd1 Qg6 20. Qf3 Rc6 21. Nb5 Bg4 22. Qg3 Be7 23. f3 Be6 24. Qb8+ Kf7 25. Qxb7 Rhc8 26. Rd2 Bd5 27. Nd6+ Kf8 28. Nxc8 Rc1+ 29. Rxc1 Bxb7 30. Nxe7 Qg5 31. Nc6 h5 32. Bc5+ Kg8 33. Ne7+ Kh7 34. Kf1 h4 35. Kf2 h3 36. g3 Qh5 37. e4 Qe5 38. Nf5 Ba8 39. Bd4 Qb8 40. Rdc2 Qb3 41. Rc7 Bb7 42. Rxg7+ Kh8 43. Bxf6 1-0

[Event "Varennes int."]
[Site "Varennes CAN"]
[Date "2017.10.07"]
[Round "3.20"]
[White "Ouellet, Maili-Jade"]
[Black "Palsson, Halldor"]
[Result "1-0"]
[WhiteElo "2084"]
[BlackElo "1912"]
[WhiteFideId "-1"]
[WhiteFideId "-1"]
[PlyCount "53"]
[GameId "2160767908330146"]
[EventDate "2017.10.06"]
[EventType "swiss"]
[EventRounds "5"]
[EventCountry "CAN"]
[SourceTitle "hb 2017"]

1. d4 d5 2. c4 e6 3. Nc3 c6 4. Nf3 Nf6 5. Bg5 Nbd7 6. cxd5 exd5 7. e3 Be7 8. Bd3 O-O 9. Qc2 Re8 10. O-O Nf8 11. h3 Nh5 12. Bxe7 Qxe7 13. Rab1 a5 14. a3 g6 15. b4 axb4 16. axb4 Kg7 17. b5 Bf5 18. bxc6 bxc6 19. Ne5 Rec8 20. Rb6 Qe8 21. e4 Be6 22. Ba6 Nd7 23. Nxd7 Qxd7 24. Bxc8 Rxc8 25. Rc1 Bxh3 26. gxh3 Qxh3 27. Nxd5 1-0

[Event "Varennes int."]
[Site "Varennes CAN"]
[Date "2017.10.07"]
[Round "3.21"]
[White "Drolet, Stephane"]
[Black "Martin, Steve"]
[Result "0-1"]
[WhiteElo "2076"]
[BlackElo "1867"]
[WhiteFideId "-1"]
[WhiteFideId "-1"]
[PlyCount "142"]
[GameId "2160767908330147"]
[EventDate "2017.10.06"]
[EventType "swiss"]
[EventRounds "5"]
[EventCountry "CAN"]
[SourceTitle "hb 2017"]

1. d4 f5 2. Nc3 Nf6 3. Bg5 e6 4. e4 fxe4 5. Bxf6 Qxf6 6. Nxe4 Qe7 7. c3 d5 8. Ng3 Nc6 9. f4 Qf6 10. Nh3 Bd7 11. Bd3 O-O-O 12. Nh5 Qh4+ 13. Ng3 Bd6 14. O-O h6 15. Qh5 Qf6 16. Qe2 Qe7 17. Bg6 Rhf8 18. Rae1 Qf6 19. Bd3 Ne7 20. b4 Nf5 21. Nh1 Qh4 22. N1f2 Bxf4 23. Nxf4 Qxf4 24. Ne4 Qh4 25. Nc5 Rde8 26. Qe5 Qf6 27. Rf2 Qxe5 28. Rxe5 Nd6 29. Rxf8 Rxf8 30. Nxe6 Rf7 31. Nc5 c6 32. Nb3 b6 33. Nd2 Kd8 34. Nf3 Bg4 35. Nd2 Re7 36. h3 Rxe5 37. dxe5 Bf5 38. Bxf5 Nxf5 39. Kf2 Kd7 40. g4 Nh4 41. Ke3 Ke6 42. Kd4 Ng6 43. Nf3 Nxe5 44. Nxe5 c5+ 45. bxc5 bxc5+ 46. Kxc5 Kxe5 47. a4 Ke4 48. a5 Ke5 49. a6 Ke6 50. Kc6 g5 51. Kc7 Ke7 52. Kc6 Ke6 53. Kc5 Ke5 54. Kb4 Ke6 55. Ka5 Kd7 56. Kb5 Kd6 57. c4 dxc4 58. Kxc4 Kc6 59. Kd4 Kb6 60. Ke5 Kxa6 61. Kf6 Kb5 62. Kg6 a5 63. Kxh6 a4 64. Kxg5 a3 65. h4 a2 66. h5 a1=Q 67. h6 Qe5+ 68. Kg6 Qe6+ 69. Kh5 Qf7+ 70. Kh4 Qg6 71. g5 Kc6 0-1

[Event "Varennes int."]
[Site "Varennes CAN"]
[Date "2017.10.07"]
[Round "3.22"]
[White "Zotkin, Daniel"]
[Black "Blanchette, Rene"]
[Result "1-0"]
[WhiteElo "2039"]
[BlackElo "1758"]
[WhiteFideId "-1"]
[WhiteFideId "-1"]
[PlyCount "47"]
[GameId "2160767908330148"]
[EventDate "2017.10.06"]
[EventType "swiss"]
[EventRounds "5"]
[EventCountry "CAN"]
[SourceTitle "hb 2017"]

1. e4 Nf6 2. e5 Nd5 3. c4 Nb6 4. d4 d6 5. exd6 cxd6 6. Nc3 g6 7. Be3 Bg7 8. Qd2 Nc6 9. O-O-O O-O 10. Bh6 Bxd4 11. Nf3 Bg7 12. h4 Bg4 13. h5 Bxf3 14. gxf3 Ne5 15. Bxg7 Kxg7 16. hxg6 fxg6 17. Qh6+ Kf7 18. c5 Nbd7 19. f4 Rh8 20. fxe5 Nxe5 21. Qf4+ Kg7 22. Qd4 Kf7 23. f4 Nc6 24. Bc4+ 1-0

[Event "Varennes int."]
[Site "Varennes CAN"]
[Date "2017.10.07"]
[Round "3.23"]
[White "Marin, Sam"]
[Black "Saha, Ananda"]
[Result "0-1"]
[WhiteElo "1947"]
[BlackElo "2018"]
[WhiteFideId "-1"]
[WhiteFideId "-1"]
[PlyCount "73"]
[GameId "2160767908330149"]
[EventDate "2017.10.06"]
[EventType "swiss"]
[EventRounds "5"]
[EventCountry "CAN"]
[SourceTitle "hb 2017"]

1. c4 Nf6 2. Nc3 g6 3. e4 d6 4. d4 Bg7 5. Nf3 O-O 6. Be2 c5 7. d5 e6 8. O-O exd5 9. cxd5 a6 10. a4 Bg4 11. Nd2 Bxe2 12. Qxe2 Nbd7 13. Nc4 Qc7 14. Bf4 Ne8 15. a5 Ne5 16. Bxe5 dxe5 17. Na4 f5 18. Nab6 Rd8 19. f3 f4 20. Rfd1 Rf7 21. Ra3 Bf8 22. Rad3 Bd6 23. Qe1 g5 24. Rc1 Qe7 25. Qc3 h5 26. Nxd6 Nxd6 27. Qxc5 g4 28. Rdc3 gxf3 29. gxf3 Kh7 30. Kh1 Rg7 31. Qf2 Nb5 32. Rd3 Nd4 33. Nc4 Rdg8 34. d6 Qg5 35. Nxe5 Ne2 36. Rc7 Rxc7 37. dxc7 0-1

[Event "Varennes int."]
[Site "Varennes CAN"]
[Date "2017.10.07"]
[Round "3.24"]
[White "Turcotte, Jonathan"]
[Black "Zhong, Kevin"]
[Result "0-1"]
[WhiteElo "1980"]
[BlackElo "1822"]
[WhiteFideId "-1"]
[WhiteFideId "-1"]
[PlyCount "62"]
[GameId "2160767908330150"]
[EventDate "2017.10.06"]
[EventType "swiss"]
[EventRounds "5"]
[EventCountry "CAN"]
[SourceTitle "hb 2017"]

1. d4 d5 2. c4 e6 3. Nf3 c5 4. cxd5 exd5 5. Nc3 Nc6 6. g3 Nf6 7. Bg2 Be7 8. O-O O-O 9. Bg5 c4 10. Ne5 Be6 11. f4 Ng4 12. Bxe7 Nxe7 13. Qd2 Nxe5 14. fxe5 Qa5 15. Rad1 Kh8 16. Qg5 Rfe8 17. h4 b5 18. a3 b4 19. axb4 Qxb4 20. Rd2 h6 21. Qh5 a5 22. g4 a4 23. Nb1 a3 24. bxa3 Rxa3 25. g5 Nf5 26. gxh6 Nxh6 27. e4 c3 28. Rdf2 Ra1 29. Rf6 Rxb1 30. Rxh6+ gxh6 31. Qxh6+ Kg8 0-1

[Event "Varennes int."]
[Site "Varennes CAN"]
[Date "2017.10.07"]
[Round "3.25"]
[White "Mahdjoubi, Abdelaziz"]
[Black "Couture, Jonathan"]
[Result "0-1"]
[WhiteElo "1775"]
[BlackElo "1947"]
[WhiteFideId "-1"]
[WhiteFideId "-1"]
[PlyCount "56"]
[GameId "2160767908330151"]
[EventDate "2017.10.06"]
[EventType "swiss"]
[EventRounds "5"]
[EventCountry "CAN"]
[SourceTitle "hb 2017"]

1. e4 g6 2. d4 Bg7 3. Bc4 d6 4. Qf3 e6 5. Ne2 Nc6 6. c3 Nf6 7. Bg5 h6 8. Bh4 e5 9. h3 g5 10. Bg3 O-O 11. h4 g4 12. Qe3 exd4 13. cxd4 Re8 14. Nbc3 Qe7 15. f3 Nh5 16. Nd5 Qd8 17. Bf4 Nxf4 18. Ndxf4 Na5 19. Bd3 c5 20. Nh5 cxd4 21. Nxd4 Nc4 22. Bxc4 Qa5+ 23. Qd2 Qxh5 24. Nb5 gxf3 25. O-O-O Be6 26. g4 Qc5 27. Nxd6 Bxc4 28. Nxe8 Bd3+ 0-1

[Event "Varennes int."]
[Site "Varennes CAN"]
[Date "2017.10.07"]
[Round "3.26"]
[White "Saine, Zachary"]
[Black "Durette, Francis"]
[Result "1/2-1/2"]
[WhiteElo "1812"]
[BlackElo "2032"]
[WhiteFideId "-1"]
[WhiteFideId "-1"]
[PlyCount "98"]
[GameId "2160767908330152"]
[EventDate "2017.10.06"]
[EventType "swiss"]
[EventRounds "5"]
[EventCountry "CAN"]
[SourceTitle "hb 2017"]

1. e4 d6 2. d4 g6 3. Bd3 Bg7 4. c3 Nf6 5. Nf3 O-O 6. O-O Nbd7 7. Re1 e5 8. Nbd2 Re8 9. Nf1 b6 10. a4 Bb7 11. Ng3 a5 12. Qc2 Qe7 13. Rb1 Bc6 14. b3 Rab8 15. Ba3 h5 16. d5 Bb7 17. b4 Ra8 18. Nd2 h4 19. Ngf1 Ba6 20. bxa5 Bxd3 21. Qxd3 Rxa5 22. Qc4 Nc5 23. Bxc5 Rxc5 24. Qb4 Ra5 25. Nb3 Ra6 26. a5 Rea8 27. Ra1 Nd7 28. axb6 Nxb6 29. Qb5 Rxa1 30. Rxa1 Rxa1 31. Nxa1 Qd7 32. Qxd7 Nxd7 33. Nb3 Bh6 34. g3 hxg3 35. hxg3 f5 36. f3 Kf7 37. Kf2 Nf6 38. Nfd2 Ke7 39. Ke2 Kd7 40. Kd3 Nh5 41. Nf1 Bg5 42. c4 f4 43. g4 Nf6 44. Na5 Bh4 45. Ke2 Nh7 46. Nd2 Ng5 47. c5 Nf7 48. cxd6 cxd6 49. Ndc4 Bd8 1/2-1/2

[Event "Varennes int."]
[Site "Varennes CAN"]
[Date "2017.10.07"]
[Round "3.27"]
[White "Dukic, Zachary"]
[Black "Qiao, Cindy"]
[Result "1-0"]
[WhiteElo "2020"]
[BlackElo "1779"]
[WhiteFideId "-1"]
[WhiteFideId "-1"]
[PlyCount "89"]
[GameId "2160767908330153"]
[EventDate "2017.10.06"]
[EventType "swiss"]
[EventRounds "5"]
[EventCountry "CAN"]
[SourceTitle "hb 2017"]

1. e4 c5 2. Nf3 d6 3. d4 cxd4 4. Nxd4 Nf6 5. Nc3 g6 6. Be3 Bg7 7. f3 Nc6 8. Bc4 O-O 9. Qd2 Bd7 10. O-O-O Rc8 11. Bb3 Ne5 12. Kb1 a6 13. g4 b5 14. h4 h5 15. gxh5 Nxh5 16. Rhg1 e6 17. f4 Nc4 18. Bxc4 Rxc4 19. f5 Qf6 20. fxg6 fxg6 21. e5 dxe5 22. Nb3 b4 23. Qxd7 bxc3 24. Rd6 Nf4 25. Bxf4 Rxf4 26. bxc3 e4 27. Qxe6+ Qxe6 28. Rxe6 Bxc3 29. a4 a5 30. Rgxg6+ Kf7 31. h5 Rf1+ 32. Ka2 Rf2 33. Kb1 Rf5 34. Rxe4 Rf1+ 35. Ka2 Rf2 36. Rg3 Rxc2+ 37. Kb1 Rb2+ 38. Kc1 Rxb3 39. Rf3+ Kg7 40. Rg4+ Kh6 41. Rxf8 Kxh5 42. Rfg8 Bb4 43. Rg1 Ba3+ 44. Kc2 Rb2+ 45. Kc3 1-0

[Event "Varennes int."]
[Site "Varennes CAN"]
[Date "2017.10.07"]
[Round "3.28"]
[White "Forget, Luc"]
[Black "Cui, Leonardo"]
[Result "1/2-1/2"]
[WhiteElo "1912"]
[BlackElo "1557"]
[WhiteFideId "-1"]
[WhiteFideId "-1"]
[PlyCount "79"]
[GameId "2160767908330154"]
[EventDate "2017.10.06"]
[EventType "swiss"]
[EventRounds "5"]
[EventCountry "CAN"]
[SourceTitle "hb 2017"]

1. d4 d6 2. Nf3 Nf6 3. c4 Nbd7 4. Nc3 g6 5. g3 Bg7 6. Bg2 c6 7. O-O O-O 8. Qc2 Qc7 9. Bg5 Re8 10. Rad1 e5 11. dxe5 dxe5 12. e4 Nc5 13. b4 Ne6 14. Bc1 Qb6 15. a3 a5 16. c5 Qc7 17. Bb2 Nd7 18. Rfe1 b6 19. Na4 axb4 20. axb4 bxc5 21. Nxc5 Nexc5 22. bxc5 Ra5 23. Qc3 Nxc5 24. Ba3 Na4 25. Qc2 Nb6 26. Bd6 Qb7 27. Rb1 Rb5 28. Bf1 Rxb1 29. Rxb1 Bg4 30. Nd2 Qd7 31. Rxb6 Qxd6 32. Rxc6 Qd7 33. Rc7 Qd8 34. Bb5 Re7 35. Rxe7 Qxe7 36. Bc4 Bh6 37. Nf1 Qf6 38. Be2 Bh3 39. Qc3 Bxf1 40. Bxf1 1/2-1/2

[Event "Varennes int."]
[Site "Varennes CAN"]
[Date "2017.10.08"]
[Round "4"]
[White "Lenderman, Aleksandr"]
[Black "Sambuev, Bator"]
[Result "1/2-1/2"]
[WhiteElo "2591"]
[BlackElo "2535"]
[WhiteFideId "-1"]
[WhiteFideId "-1"]
[PlyCount "129"]
[GameId "2160767908330156"]
[EventDate "2017.10.06"]
[EventType "swiss"]
[EventRounds "5"]
[EventCountry "CAN"]
[SourceTitle "CBM 181 Extra"]
[Source "ChessBase"]
[SourceDate "2017.12.12"]
[SourceVersion "1"]
[SourceVersionDate "2017.12.12"]
[SourceQuality "1"]

1. Nf3 c5 2. d4 cxd4 3. c3 dxc3 4. Nxc3 Nc6 5. e4 e6 6. Bc4 a6 7. O-O Nge7 8. Bg5 d6 9. Re1 h6 10. Bh4 g5 11. Bg3 Ng6 12. Rc1 h5 13. h3 g4 14. hxg4 hxg4 15. Nh2 Bh6 16. Rc2 Nce5 17. Ne2 b5 18. Bb3 Qb6 19. Nd4 Bf4 20. Bxf4 Nxf4 21. Nxg4 Bb7 22. Nxe5 dxe5 23. Nf3 Rg8 24. Nxe5 Rxg2+ 25. Kf1 Qd8 26. Qxd8+ Rxd8 27. Nf3 Rd3 28. Rc3 Rg8 29. Re3 Rxc3 30. Rxc3 Rh8 31. Ng1 Rh2 32. Bc2 Kd7 33. b4 Kd6 34. Rc5 e5 35. Rxe5 Bc8 36. Rg5 f6 37. Rg3 Rh1 38. e5+ fxe5 39. Be4 Rh6 40. Ke1 Be6 41. Ra3 Bc8 42. Rc3 Bd7 43. Ne2 Nxe2 44. Kxe2 Rh4 45. Ke3 Rh3+ 46. f3 Rh2 47. a3 Ra2 48. Bb7 Be6 49. Rc6+ Kd7 50. Rxa6 Bc4 51. Ke4 Kc7 52. Ba8 Re2+ 53. Kf5 Re3 54. Kg4 Be2 55. Kg3 Rc3 56. Kf2 Bd1 57. Bd5 Ba4 58. Re6 Rxa3 59. Rxe5 Kd6 60. f4 Rc3 61. Ke2 Rc2+ 62. Kd3 Rb2 63. Kc3 Rc2+ 64. Kd3 Rb2 65. Kc3 1/2-1/2

[Event "Varennes int."]
[Site "Varennes CAN"]
[Date "2017.10.08"]
[Round "4"]
[White "Perez Garcia, Rodney Oscar"]
[Black "Alvarez Pedraza, Aramis"]
[Result "0-1"]
[WhiteElo "2315"]
[BlackElo "2489"]
[WhiteFideId "-1"]
[WhiteFideId "-1"]
[PlyCount "62"]
[GameId "2160767908330157"]
[EventDate "2017.10.06"]
[EventType "swiss"]
[EventRounds "5"]
[EventCountry "CAN"]
[SourceTitle "CBM 181 Extra"]
[Source "ChessBase"]
[SourceDate "2017.12.12"]
[SourceVersion "1"]
[SourceVersionDate "2017.12.12"]
[SourceQuality "1"]

1. e4 c6 2. c4 d5 3. exd5 cxd5 4. cxd5 Nf6 5. Bb5+ Nbd7 6. Nc3 a6 7. Qa4 g6 8. Nf3 Bg7 9. O-O O-O 10. Bxd7 Nxd7 11. Qh4 Nf6 12. d4 b5 13. Bg5 Bb7 14. a3 Bxd5 15. Bxf6 Bxf6 16. Ng5 h5 17. Rfe1 e6 18. Re5 Bxe5 19. dxe5 f6 20. Nge4 fxe5 21. Qg3 Qe8 22. Nd6 Qe7 23. Qxg6+ Qg7 24. Qxg7+ Kxg7 25. f3 Rfd8 26. Nde4 Bxe4 27. Nxe4 Rac8 28. Kf1 a5 29. h4 Rc2 30. Rb1 Rd3 31. b3 Kg6 0-1

[Event "Varennes int."]
[Site "Varennes CAN"]
[Date "2017.10.08"]
[Round "4.6"]
[White "Ruiz Sanchez, Orlen"]
[Black "Luksza, Arkadiusz"]
[Result "1-0"]
[WhiteElo "2409"]
[BlackElo "2081"]
[WhiteFideId "-1"]
[WhiteFideId "-1"]
[PlyCount "96"]
[GameId "2160767908330161"]
[EventDate "2017.10.06"]
[EventType "swiss"]
[EventRounds "5"]
[EventCountry "CAN"]

1. e4 e6 2. d4 d5 3. Nc3 Nf6 4. e5 Nfd7 5. f4 c5 6. Nf3 Nc6 7. Be3 a6 8. Qd2 b5 9. g3 Bb7 10. Bh3 cxd4 11. Nxd4 Nxd4 12. Bxd4 Bc5 13. Ne2 Bxd4 14. Nxd4 Qb6 15. O-O-O g6 16. Rhe1 Nc5 17. Kb1 O-O-O 18. Qe3 Qc7 19. Bg2 Kb8 20. Rd2 Rc8 21. Bf3 Rhd8 22. g4 Ne4 23. Bxe4 dxe4 24. g5 Rh8 25. Ne2 h6 26. gxh6 Rxh6 27. Ng3 Rh3 28. Qd4 Rh4 29. Qf2 Qc5 30. Qxc5 Rxc5 31. Nxe4 Bxe4 32. Rxe4 g5 33. b4 Rd5 34. Rf2 Kc7 35. Kb2 Kd7 36. c4 bxc4 37. Rxc4 Rxe5 38. fxe5 Rxc4 39. Rxf7+ Kc6 40. Kb3 Re4 41. a4 Rxe5 42. a5 Re3+ 43. Ka4 Re1 44. Ra7 Ra1+ 45. Kb3 Rb1+ 46. Ka3 Kb5 47. Rb7+ Kc4 48. Rc7+ Kb5 1-0

[Event "Varennes int."]
[Site "Varennes CAN"]
[Date "2017.10.08"]
[Round "4.10"]
[White "Chabot, Roland"]
[Black "Morella Cabrera, Julio Antonio"]
[Result "1-0"]
[WhiteElo "2153"]
[BlackElo "2248"]
[WhiteFideId "-1"]
[WhiteFideId "-1"]
[PlyCount "153"]
[GameId "2160767908330164"]
[EventDate "2017.10.06"]
[EventType "swiss"]
[EventRounds "5"]
[EventCountry "CAN"]

1. d4 d5 2. c4 e6 3. Nf3 c6 4. e3 f5 5. Bd3 Nf6 6. O-O Bd6 7. b3 Qe7 8. Bb2 O-O 9. Nc3 Ne4 10. Ne2 Bd7 11. Ne5 Be8 12. f3 Ng5 13. Qc2 Nf7 14. Nxf7 Bxf7 15. e4 g6 16. e5 Bc7 17. c5 Kh8 18. b4 Rg8 19. a4 Be8 20. b5 g5 21. g4 fxg4 22. fxg4 Nd7 23. Ng3 Bg6 24. Rf2 Raf8 25. Raf1 Rxf2 26. Rxf2 Bd8 27. Bc1 Bxd3 28. Qxd3 Rf8 29. Rxf8+ Nxf8 30. Nh5 Qf7 31. bxc6 bxc6 32. Qf1 Qxf1+ 33. Kxf1 Kg8 34. Bd2 Kf7 35. Kf2 Ng6 36. Ke2 Nh8 37. Kf2 Kg6 38. Kf3 Nf7 39. Bc3 h6 40. Bd2 Bc7 41. Bc3 Bd8 42. Ke3 Nh8 43. Kf3 Kf7 44. Bd2 Ng6 45. Kf2 Nf8 46. Ke2 Nd7 47. Kd3 Bc7 48. Bc3 Bd8 49. Ke3 Nf8 50. Bd2 Ng6 51. Kf3 Nh4+ 52. Kf2 Kg6 53. Ng3 Kh7 54. Bc3 Ng6 55. Nh5 Nh8 56. Ke3 Kg8 57. Kf3 Kf8 58. Ng3 Ke8 59. Ne2 Kd7 60. Nc1 Bc7 61. Nd3 Nf7 62. Bd2 Bd8 63. Bc3 Kc8 64. Bd2 Be7 65. Kg2 Nd8 66. Nc1 Kb7 67. Nb3 Nf7 68. Na5+ Kc7 69. Nb3 Bd8 70. Na5 Nh8 71. Nb3 Kb7 72. h4 gxh4 73. Bxh6 Nf7 74. Bg7 Ng5 75. Bf6 Bxf6 76. exf6 Kc7 77. f7 1-0

[Event "Varennes int."]
[Site "Varennes CAN"]
[Date "2017.10.08"]
[Round "4.11"]
[White "Lin, Benjamin"]
[Black "Gordon, David"]
[Result "0-1"]
[WhiteElo "1862"]
[BlackElo "2199"]
[WhiteFideId "-1"]
[WhiteFideId "-1"]
[PlyCount "84"]
[GameId "2160767908330165"]
[EventDate "2017.10.06"]
[EventType "swiss"]
[EventRounds "5"]
[EventCountry "CAN"]
[SourceTitle "hb 2017"]

1. d4 Nf6 2. c4 c5 3. d5 e6 4. Nc3 exd5 5. cxd5 d6 6. e4 g6 7. f3 Bg7 8. Bd3 O-O 9. Nge2 b6 10. O-O Ba6 11. Be3 Bxd3 12. Qxd3 Nbd7 13. Nc1 a6 14. a4 Qc7 15. Qe2 Qb7 16. N1a2 Ne8 17. b3 Nc7 18. Rad1 b5 19. f4 Rae8 20. Qf3 f5 21. exf5 gxf5 22. Bf2 Nf6 23. b4 Ne4 24. bxc5 dxc5 25. d6 Ne6 26. Nxe4 fxe4 27. Qb3 c4 28. Qe3 Nxf4 29. axb5 axb5 30. Bh4 Nd3 31. Be7 Rxf1+ 32. Rxf1 Rxe7 33. dxe7 Qxe7 34. Kh1 b4 35. Qb6 e3 36. Qb8+ Bf8 37. Nxb4 e2 38. Qg3+ Kh8 39. Rg1 e1=Q 40. Rxe1 Qxe1+ 41. Qxe1 Nxe1 42. Kg1 Bxb4 0-1

[Event "Varennes int."]
[Site "Varennes CAN"]
[Date "2017.10.08"]
[Round "4.12"]
[White "Hua, Eugene"]
[Black "Zotkin, Daniel"]
[Result "1-0"]
[WhiteElo "2220"]
[BlackElo "2039"]
[WhiteFideId "-1"]
[WhiteFideId "-1"]
[PlyCount "81"]
[GameId "2160767908330166"]
[EventDate "2017.10.06"]
[EventType "swiss"]
[EventRounds "5"]
[EventCountry "CAN"]
[SourceTitle "hb 2017"]

1. e4 c5 2. Nf3 Nc6 3. Bb5 e6 4. Bxc6 bxc6 5. d3 d6 6. e5 f6 7. exd6 Bxd6 8. Nbd2 e5 9. Ne4 Bg4 10. h3 Be6 11. Be3 f5 12. Nxc5 Bd5 13. Nb7 Bb4+ 14. c3 Qe7 15. O-O Qxb7 16. cxb4 Qxb4 17. Nxe5 Nf6 18. Qc2 Qb7 19. Qc5 Nd7 20. Nxd7 Qxd7 21. Rfe1 Kf7 22. Bd4 Rhe8 23. a4 a6 24. b4 Re6 25. Re5 Rxe5 26. Bxe5 Re8 27. Bf4 Qe6 28. Qd4 Qg6 29. Bg3 Qf6 30. Qxf6+ Kxf6 31. Kf1 Rd8 32. Bc7 Rd7 33. Bb6 Bb3 34. Ke2 Bc2 35. Ra3 Rd5 36. Kd2 Bb1 37. Rb3 Ba2 38. Rb2 Bc4 39. Kc3 Bxd3 40. Bd4+ Ke6 41. Kxd3 1-0

[Event "Varennes int."]
[Site "Varennes CAN"]
[Date "2017.10.08"]
[Round "4.13"]
[White "Saha, Ananda"]
[Black "Nicula, Marius"]
[Result "1/2-1/2"]
[WhiteElo "2018"]
[BlackElo "2190"]
[WhiteFideId "-1"]
[WhiteFideId "-1"]
[PlyCount "56"]
[GameId "2160767908330167"]
[EventDate "2017.10.06"]
[EventType "swiss"]
[EventRounds "5"]
[EventCountry "CAN"]
[SourceTitle "hb 2017"]

1. Nf3 g6 2. d4 Bg7 3. g3 Nf6 4. Bg2 O-O 5. O-O d6 6. c4 c6 7. Nc3 Bf5 8. Bg5 h6 9. Bxf6 Bxf6 10. e4 Be6 11. b3 c5 12. Rc1 cxd4 13. Nxd4 Bd7 14. Nd5 Bg7 15. Qd2 Nc6 16. Nxc6 bxc6 17. Ne3 a5 18. c5 dxc5 19. Rxc5 Qb6 20. Rc2 Rfd8 21. Nc4 Qc7 22. Qe3 Rdb8 23. Nb2 Qa7 24. Qxa7 Rxa7 25. Na4 Bd4 26. Kh1 Rc8 27. f4 c5 28. Nb6 Rb8 1/2-1/2